000 00532nam a2200205 a 4500
001 BRCA_4302
005 20190320204623.0
008 240610s1961----nyu#######---#000-0#eng-#
041 _aeng
044 _anyu
050 4 _aPZ3
_b.C37 1961
100 1 _aCarr, John Dickson
_910575
245 1 0 _aIn Spite of Thunder
_ba Dr. Fell Detective Novel
_cJohn Dickson Carr.
260 _aNueva York
_bBantam
_c1961
300 _a186 p.
_c17 cm.
500 _aCEF97
650 1 4 _aNovelas policĂ­acas
_9877
902 _aGFM
942 _2lcc
_cB
999 _c4013
_d4013